000 00603nam a2200205 i 4500
001 92767
003 ES-MaACL
005 20231218200130.0
007 t|
008 050504s1919 sp ||||1| spa d
080 _a821.134.2-32"19"
100 1 _aCasanova, Sofía,
_d1862-1958
_936108
245 1 0 _aSobre el Volga helado /
_cpor Sofía Casanova.
260 _aMadrid :
_bLa Novela Corta,
_c1919.
300 _a[24] p. ;
_c20 cm.
490 1 _aLa novela corta ;
_vaño 4, n. 196
830 1 _aLa novela corta ;
_vaño 4, n. 196
_9182142
852 4 _aES-MaACL
_j2185-F-34
999 _c92767
_d92767